Culture générale - Géographie - Série 4 - Statistiques

Statistiques générales
  • Ce quiz a été pris 428 fois
  • Le résultat moyen est 5 sur 10
Statistiques - réponses
Question Réponse % Correct
Quelle pays a pour capitale Hanoï ? Le Vietnam
89%
Quelle est la religion majoritairement pratiquée au Liban ? L’Islam
83%
Comment nomme-t-on le cap situé à l’extrême sud de l’afrique ? Le cap de Bonne Espérance
68%
Quelle île est encore aujourd’hui divisée en 2 par une ligne de démarcation gérée par l’ONU ? Chypre
61%
Considérant l’Australie comme un continent, quelle est la plus grande île du pays ? La Tasmanie
58%
Dans quelle ville française trouve-t-on la base de lancement de fusées de l’agence européenne ? Kourou
46%
Dans l’Union européenne, quelle langue fait partie avec le finnois et le hongrois de la famille des langues finno-ougriennes ? L’estonien
26%
Où le Nil blanc prend-il sa source (on ne cherche pas un pays mais une source plus précise) ? Dans le lac Victoria
21%
Quelle ville a accueilli l’Eurovision en 2018 ? Lisbonne
10%
Dans quel pays dois-je me rendre pour observer le monument en photo ? En Ukraine
5%
Aucun quiz correspondant
Distribution des résultats
% des personnes avec chaque résultat
Percentile par nombre de réponses
Votre historique - résultats
Vous n’avez pas pris ce quiz